UK Territory Capitals - Statistics

General Stats
  • This quiz has been taken 180 times
    178 since last reset
  • The average score is 8 of 15
Answer Stats
Territory Capital % Correct
Isle of Man* Douglas
78%
Gibraltar Gibraltar
78%
Falkland Islands Stanley
73%
Bermuda Hamilton
59%
Jersey* Saint Helier
59%
British Virgin Islands Road Town
53%
Montserrat Plymouth
51%
Cayman Islands George Town
50%
Pitcairn Islands Adamstown
49%
Turks and Caicos Islands Cockburn Town
49%
Anguilla The Valley
49%
St Helena, Ascenion and Tristan da Cunha Jamestown
42%
Guernsey* Saint Peter Port
42%
Akrotiri and Dhekelia Episkopi Cantonment
34%
South Georgia and the South Sandwich Islands King Edward Point
31%
No matching quizzes found
Score Distribution
Percent of People with Each Score
Percentile by Number Answered
Your Score History
You have not taken this quiz since the last reset